Wilhelm Tell Oper in 4 Aufzügen : Klavier-Auszug mit deutschem Text /

Hlavní autor: Rossini, Gioacchino, 1792-1868
Další autoři: Haupt, Theodor von, 1784-1832, Kleinmichel, Richard, 1846-1901, Bis, Hippolyte, 1789-1855, Étienne, Charles-Guillaume, 1777-1845
Jazyk: Němčina
Vydáno: Mainz : B. Schott's Söhne, [1900?]
Edice: Edition Schott ; s - 9945
Fyzický popis: 1 klavírní výtah (417 s.)
Hudebniny Hudebniny
Uloženo v:
LEADER 01238ncm a22002772a 4500
001 001355409
003 CZ BrMZK
005 20150227075834.0
007 qu
008 131218s1900 gw |||||||||||||||||ger d
040 |a BOA001  |b cze 
072 7 |a 782  |x Divadelní hudba. Opera, opereta, muzikál  |2 Konspekt  |9 9 
100 1 |a Rossini, Gioacchino,  |d 1792-1868  |7 jn19990007165  |4 cmp 
245 1 0 |a Wilhelm Tell  |h [hudebnina] :  |b Oper in 4 Aufzügen : Klavier-Auszug mit deutschem Text /  |c Musik von G. Rossini ; neu bearbeitet von R. Kleinmichel ; Text von Etienne (Jouy) und Hippolite Bis ; deutsche Übersetzung von Theodor von Haupt 
260 |a Mainz :  |b B. Schott's Söhne,  |c [1900?] 
300 |a 1 klavírní výtah (417 s.) 
490 1 |a Edition Schott ;  |v s - 9945 
500 |a Převzato do Edition Peters 
700 1 |a Haupt, Theodor von,  |d 1784-1832  |7 mzk2010580261  |4 trl 
700 1 |a Kleinmichel, Richard,  |d 1846-1901  |7 xx0023130  |4 arr 
700 1 |a Bis, Hippolyte,  |d 1789-1855  |7 jn20020124019  |4 lbt 
700 1 |a Étienne, Charles-Guillaume,  |d 1777-1845  |7 mzk2010577951  |4 lbt 
910 |a BOA001  |b Mus4-0165.985 
990 |a MU 
991 |b 201312 
996 6 |b 2619600663  |c Mus4-0165.985  |l MZK  |r Sklad / do 1 hodiny  |n 0  |w 001390313  |u 000010  |a 1  |e BOA001  |j MZK50  |s P